Bundesliga Winners - Sudden Death - Statistics

General Stats
  • This quiz has been taken 820 times
  • The average score is 8 of 13
Answers on the Grid
Answers color-coded by a green-red scale on the quiz's grid according to % correct below.
1. FC Heidenheim
1. FC Kaiserslautern
1. FC Köln
1. FC Magdeburg
1. FC Nürnberg
1860 Munich
Bayer Leverkusen
Bayern Munich
FC St. Pauli
Borussia Dortmund
Borussia Mönchengladbach
Eintracht Braunschweig
Eintracht Frankfurt
FC Augsburg
Fortuna Düsseldorf
Hamburger SV
Hannover 96
Hertha BSC
Holstein Kiel
Karlsruher SC
Mainz 05
RB Leipzig
SC Freiburg
SC Paderborn
TSG Hoffenheim
Union Berlin
VfB Stuttgart
VfL Bochum
VfL Wolfsburg
Werder Bremen
 
Answer Stats
Answer % Correct
Borussia Dortmund
81%
Bayern Munich
80%
Bayer Leverkusen
77%
Hamburger SV
68%
Werder Bremen
66%
Borussia Mönchengladbach
61%
VfB Stuttgart
59%
1. FC Kaiserslautern
55%
1. FC Köln
55%
VfL Wolfsburg
55%
1. FC Nürnberg
45%
1860 Munich
41%
Eintracht Braunschweig
30%
No matching quizzes found
Score Distribution
Percent of People with Each Score
Percentile by Number Answered
Your Score History
You have not taken this quiz